[Event "Gilan Friendship Cup"]
[Site "Gilan"]
[Date "2014.12.04"]
[Round "6"]
[White "Kanani, Anoosh"]
[Black "Bepooyi, Mohammadali"]
[Result "1/2-1/2"]
[WhiteElo "1944"]
[BlackElo "1613"]
[PlyCount "168"]
[EventDate "2014.11.30"]
[EventType "swiss"]
[EventRounds "9"]
[EventCountry "IRI"]
[SourceTitle "CBM 163 Extra"]
[Source "ChessBase"]
[SourceDate "2014.12.23"]
[SourceVersion "1"]
[SourceVersionDate "2014.12.23"]
[SourceQuality "1"]

1. Nf3 d5 2. g3 Bf5 3. c4 e6 4. Bg2 c6 5. cxd5 exd5 6. 0-0 Nf6 7. d3 Be7 8. Qb3 Qb6 9. Qxb6 axb6 10. Nd4 Bg6 11. Nc3 0-0 12. e4 dxe4 13. dxe4 Bb4 14. f3 Rd8 15. Be3 Nbd7 16. Nce2 h6 17. a3 Be7 18. Nf4 Bh7 19. Rfd1 b5 20. Nd3 Nc5 21. Nxc5 Bxc5 22. Rac1 Ba7 23. Kf2 Kf8 24. Ke2 Ke8 25. Rd2 Bg6 26. Rcd1 Bh5 27. g4 Bg6 28. Bf2 Bb8 29. h4 Bf4 30. Be3 Bxe3 31. Kxe3 Ke7 32. g5 Ne8 33. Bf1 Nc7 34. Bh3 hxg5 35. hxg5 c5 36. Nb3 Rxd2 37. Rxd2 c4 38. Rd7+ Ke8 39. Rxc7 cxb3 40. Rc8+ Rxc8 41. Bxc8 b6 42. Ba6 b4 43. axb4 Kd7 44. Bc4 Kd6 45. Bxb3 f6 46. gxf6 gxf6 47. Kd4 Be8 48. Bd5 Bb5 49. f4 Bf1 50. e5+ fxe5+ 51. fxe5+ Ke7 52. Bc4 Bg2 53. b5 Bf3 54. Ke3 Bg2 55. Kf4 Kd8 56. Be2 Ke7 57. Bc4 Kd8 58. e6 Ke7 59. Ke5 Bf3 60. Bd3 Bg2 61. Be4 Bf1 62. Bc6 Bh3 63. Bd7 Bg2 64. b3 Bh3 65. Kd5 Bg2+ 66. Ke5 Bh3 67. Bc8 Bf1 68. Kd5 Bg2+ 69. Kc4 Bf1+ 70. Kd5 Bg2+ 71. Kd4 Bf1 72. Bb7 Bh3 73. Bd5 Bf1 74. Bc4 Bg2 75. b4 Bh3 76. Bd5 Bf1 77. Be4 Be2 78. Ke5 Bc4 79. Bf5 Bf1 80. Kd5 Bg2+ 81. Be4 Bxe4+ 82. Kxe4 Kxe6 83. Kd4 Kd6 84. Ke4 Ke6 1/2-1/2